000
00310nam a2200097Ia 4500
082
_a
658.4038011|INFO
245
0
_a
Information systems in a business environment
100
_a
Wessels, P. L. , 1962- Durban, South Africa, 2010 5th ed
_9
62638
942
_c
BK
008
210817s9999 xx 000 0 und d
999
_c
197901
_d
197901